Planets and satellites (Record no. 2062)

MARC details
000 -LEADER
fixed length control field 00559nam a2200193Ia 4500
003 - CONTROL NUMBER IDENTIFIER
control field IN-BaIIA
008 - FIXED-LENGTH DATA ELEMENTS--GENERAL INFORMATION
fixed length control field 211028s9999 xx 000 0 eng d
040 ## - CATALOGING SOURCE
Transcribing agency IIA Library
080 ## - UNIVERSAL DECIMAL CLASSIFICATION NUMBER
Universal Decimal Classification number 523.4
Item number PLA
100 ## - MAIN ENTRY--PERSONAL NAME
Personal name Kuiper, Gerald P.
9 (RLIN) 3876
245 #0 - TITLE STATEMENT
Title Planets and satellites
Statement of responsibility, etc. Gerald P. Kuiper
260 ## - PUBLICATION, DISTRIBUTION, ETC.
Place of publication, distribution, etc. Chicago
Name of publisher, distributor, etc. University of Chicago Press
Date of publication, distribution, etc. 1961
300 ## - PHYSICAL DESCRIPTION
Extent xx, 601p.
490 ## - SERIES STATEMENT
Series statement The solar system; v. III
650 ## - SUBJECT ADDED ENTRY--TOPICAL TERM
Topical term or geographic name entry element Planet
9 (RLIN) 3877
650 ## - SUBJECT ADDED ENTRY--TOPICAL TERM
Topical term or geographic name entry element Satellites
9 (RLIN) 3328
650 ## - SUBJECT ADDED ENTRY--TOPICAL TERM
Topical term or geographic name entry element Solar system
942 ## - ADDED ENTRY ELEMENTS (KOHA)
Koha item type Books
Holdings
Withdrawn status Lost status Damaged status Not for loan Home library Current library Shelving location Date acquired Cost, normal purchase price Total Checkouts Full call number Barcode Date last seen Cost, replacement price Price effective from Koha item type Purchase Price
        IIA Library-Bangalore IIA Library-Bangalore General Stacks   56.25   523.4/ PLA 2308 05/11/2021 56.25   Books Rs. 56.25

Powered by Koha